Statistiken für Alle Pokémon - Attacken vom Typ "Drache"

Klicken Sie hier um das Quiz zu spielen!

Allgemein

  • Dieses Quiz wurde 6 mal gespielt
    (5 seit der letzten Aktualisierung)
  • Das Durchschnittsergebnis liegt bei 7 aus 31

Antwortstatistiken

Attacke% Korrekt
Drachenpuls
100%
Drachenwut
100%
Drachenklaue
80%
Draco Meteor
80%
Drachentanz
60%
Drachenrute
40%
Drachenstoß
40%
Feuerodem
40%
Breitseite
20%
Doppelhieb
20%
Dyna -Wyrm
20%
Giga -Dämpfer
20%
Raumschlag
20%
Windhose
20%
Wutanfall
20%
Zeitenlärm
20%
Auftischen
0%
Drachenhammer
0%
Drachenkräfte
0%
Drachenpfeile
0%
Drachenschrei
0%
Drastisches Drachendröhnen
0%
Dynamax -Kanone
0%
Großklingenstoß
0%
Launenlaser
0%
Rasselnder Seelentanz
0%
Sanktionskern
0%
Schuppenrasseln
0%
Schuppenschuss
0%
Seelentanz
0%
Unendynastrahlen
0%

Verteilung der Resultate

Perzentil nach korrekt beantworteten Fragen

Anzahl Personen mit jedem Resultat

Ihre Resultats-Entwicklung

Sie haben dieses Quiz seit der letzten Aktualisierung nicht gespielt